000 00441nam a2200169Ia 4500
008 170705s9999 xx 000 0 und d
020 _a9780439590761
245 _a10-step guide to living with your monster /
245 _cLaura Numeroff ; illustrated by Nate Evans.
260 _aNew York :
260 _bScholastic,
260 _c2002
300 _aunpaged :
300 _bcolor illustration ;
300 _c28cm.
500 _a450
999 _c335667
_d335667